| 000 | 01500cam a2200325 a 4500 | ||
|---|---|---|---|
| 090 | _c10538 | ||
| 001 | 13122903 | ||
| 005 | 20040707133650.0 | ||
| 008 | 030313s2003 nyua fb 001 0 eng | ||
| 010 | _a2003046353 | ||
| 020 | _a0071402144 (alk. paper) | ||
| 040 |
_aDLC _cDLC _dDLC |
||
| 050 | 0 | 0 |
_aTK7836 _b.E4654 2003 |
| 082 | 0 | 0 |
_a621.381 _221 _bELE |
| 245 | 0 | 0 |
_aElectronic Materials and Processes Handbook / _cCharles A. Harper, editor in chief. |
| 250 | _a3rd ed. | ||
| 260 |
_aNew York : _bMcGraw-Hill, _cc2003. |
||
| 300 |
_a1 v. (various pagings) : _bill. ; _c25 cm. |
||
| 440 | 0 | _aMcGraw-Hill handbooks | |
| 504 | _aIncludes bibliographical references and index. | ||
| 650 | 0 |
_aElectronics _xMaterials _vHandbooks, manuals, etc. |
|
| 650 | 0 |
_aElectronic apparatus and appliances _xMaterials _vHandbooks, manuals, etc. |
|
| 700 | 1 | _aHarper, Charles A. | |
| 856 | 4 | 2 |
_3Contributor biographical information _uhttp://www.loc.gov/catdir/bios/mh041/2003046353.html |
| 856 | 4 | 2 |
_3Publisher description _uhttp://www.loc.gov/catdir/description/mh031/2003046353.html |
| 856 | 4 | 1 |
_3Table of contents _uhttp://www.loc.gov/catdir/toc/mh031/2003046353.html |
| 942 |
_2ddc _cNB |
||
| 999 |
_c10538 _d10538 |
||